Library Banner

Environmental science (Record no. 52895)

MARC details
000 -LEADER
fixed length control field 00600nam a2200229Ia 4500
001 - CONTROL NUMBER
control field 55557
008 - FIXED-LENGTH DATA ELEMENTS--GENERAL INFORMATION
fixed length control field 140506s9999 xx 000 0 und d
020 ## - INTERNATIONAL STANDARD BOOK NUMBER
International Standard Book Number 0721689272
040 ## - CATALOGING SOURCE
Transcribing agency PK-LaUMT
082 ## - DEWEY DECIMAL CLASSIFICATION NUMBER
Classification number MAL 363.7
Item number ENV-
100 ## - MAIN ENTRY--PERSONAL NAME
Personal name Turk, Amos
245 ## - TITLE STATEMENT
Title Environmental science
Statement of responsibility, etc Turk, Amos<>Wittes, Janet T.<>Turk, Jonathan<>Wittes, Robert E.
250 ## - EDITION STATEMENT
Edition statement 2nd
260 ## - PUBLICATION, DISTRIBUTION, ETC. (IMPRINT)
Place of publication, distribution, etc Philadelphia,USA:
Name of publisher, distributor, etc W. B. Saunders,
Date of publication, distribution, etc 1978
300 ## - PHYSICAL DESCRIPTION
Extent 597 p.
546 ## - LANGUAGE NOTE
Language note EN
650 ## - SUBJECT ADDED ENTRY--TOPICAL TERM
Topical term or geographic name as entry element Ecology
700 ## - ADDED ENTRY--PERSONAL NAME
Personal name Turk, Jonathan
700 ## - ADDED ENTRY--PERSONAL NAME
Personal name Wittes, Janet T.
700 ## - ADDED ENTRY--PERSONAL NAME
Personal name Wittes, Robert E.
942 ## - ADDED ENTRY ELEMENTS (KOHA)
Koha item type Books
Holdings
Withdrawn status Lost status Damaged status Not for loan Home library Current library Date acquired Total Checkouts Full call number Barcode Date last seen Price effective from Koha item type
        UMT Main Campus UMT Main Campus 2014-05-06   MAL 363.7 ENV- 75650 2014-05-08 2014-05-08 Books